000 00421nam a2200181Ia 4500
001 23735
005 20260414150957.0
008 260414t2015||||xx |||||||||||||| ||spa||
041 _aESP
082 _a701
_bW61
100 _aWinternitz, Adolfo,
_eAUT
245 0 _aItenerario hacia el arte
_b
260 _c2015
300 _a139 páginas :
_c21 cm.
650 _aGEN
654 _aCHU
942 _cLIB
_dJUS
_fJUS
_2ddc
_n
999 _c23735
_d23735